Les villes italiennes de plus de 250 000 habitants (mort subite) - Statistiques

Statistiques générales
  • Ce quiz a été pris 164 fois
  • Le résultat moyen est 6 sur 12
Answers on the Grid
Answers color-coded by a green-red scale on the quiz's grid according to % correct below.
Milan
Messine
Padoue
Rome
Venise
Foggia
Turin
Salerne
Trieste
Bergame
Palerme
Novare
Gênes
Cagliari
Parme
Bologne
Vicence
Florence
Modène
Bari
Brescia
Pérouse
Tarente
Naples
Rimini
Lecce
Catane
Vérone
Terni
Ravenne
 
Statistiques - réponses
Réponse % Correct
Milan
94%
Rome
83%
Turin
71%
Florence
54%
Palerme
50%
Bologne
48%
Gênes
46%
Naples
46%
Venise
44%
Bari
27%
Catane
27%
Vérone
15%
Aucun quiz correspondant
Distribution des résultats
% des personnes avec chaque résultat
Percentile par nombre de réponses
Votre historique - résultats
Vous n’avez pas pris ce quiz